Laws & issuances on children / (Record no. 1392)
[ view plain ]
| 000 -LEADER | |
|---|---|
| fixed length control field | 01035cam a2200313 a 4500 |
| 001 - CONTROL NUMBER | |
| control field | 13464452 |
| 003 - CONTROL NUMBER IDENTIFIER | |
| control field | OSt |
| 005 - DATE AND TIME OF LATEST TRANSACTION | |
| control field | 20140310181707.0 |
| 008 - FIXED-LENGTH DATA ELEMENTS--GENERAL INFORMATION | |
| fixed length control field | 030710s2001 ph l i000 0 eng |
| 010 ## - LIBRARY OF CONGRESS CONTROL NUMBER | |
| LC control number | 2002359323 |
| 035 ## - SYSTEM CONTROL NUMBER | |
| System control number | (DLC) 2002359323 |
| 037 ## - SOURCE OF ACQUISITION | |
| Source of stock number/acquisition | Library of Congress -- Jakarta Overseas Office |
| Terms of availability | Exch |
| 040 ## - CATALOGING SOURCE | |
| Original cataloging agency | DLC |
| Transcribing agency | DLC |
| Modifying agency | DLC |
| 042 ## - AUTHENTICATION CODE | |
| Authentication code | lcode |
| 043 ## - GEOGRAPHIC AREA CODE | |
| Geographic area code | a-ph--- |
| 050 00 - LIBRARY OF CONGRESS CALL NUMBER | |
| Classification number | KF 5616 |
| Item number | .L425 2001 |
| 082 ## - DEWEY DECIMAL CLASSIFICATION NUMBER | |
| -- | FIL 346.5990135 |
| Item number | L41 2002 |
| 245 00 - TITLE STATEMENT | |
| Title | Laws & issuances on children / |
| 246 3# - VARYING FORM OF TITLE | |
| Title proper/short title | Laws and issuances on children |
| 260 ## - PUBLICATION, DISTRIBUTION, ETC. (IMPRINT) | |
| Place of publication, distribution, etc | [Manila] : |
| Name of publisher, distributor, etc | Council for the Welfare of Children : |
| -- | United Nations Children's Fund, |
| Date of publication, distribution, etc | 2001. |
| 300 ## - PHYSICAL DESCRIPTION | |
| Extent | 309 p. : |
| Dimensions | 21 cm. |
| 650 #0 - SUBJECT ADDED ENTRY--TOPICAL TERM | |
| Topical term or geographic name as entry element | Children |
| General subdivision | Legal status, laws, etc. |
| Geographic subdivision | Philippines. |
| 710 2# - ADDED ENTRY--CORPORATE NAME | |
| Corporate name or jurisdiction name as entry element | Council for the Welfare of Children (Philippines) |
| 710 2# - ADDED ENTRY--CORPORATE NAME | |
| Corporate name or jurisdiction name as entry element | UNICEF Manila. |
| 906 ## - LOCAL DATA ELEMENT F, LDF (RLIN) | |
| a | 7 |
| b | cbc |
| c | origode |
| d | 2 |
| e | ncip |
| f | 20 |
| g | y-gencatlg |
| 942 ## - ADDED ENTRY ELEMENTS (KOHA) | |
| Source of classification or shelving scheme | Library of Congress Classification |
| Koha item type | Books |
| Withdrawn status | Lost status | Source of classification or shelving scheme | Damaged status | Home library | Current library | Shelving location | Date acquired | Total Checkouts | Full call number | Barcode | Date last seen | Copy number | Price effective from | Koha item type |
|---|---|---|---|---|---|---|---|---|---|---|---|---|---|---|
| Library of Congress Classification | Luxembourg Library | Luxembourg Library | Filipiniana Section | 11/23/2012 | KF 5616 .L425 2001 | 14185 | 08/13/2013 | 1 | 10/03/2013 | Books |